000 00537nam a2200181Ia 4500
008 151018s9999 xx 000 0 und d
082 _bRBASDV30105
_a891.463
100 _aसंजीव खांडेकर
245 _aअशांत पव
250 _b1
260 _bग्रंथाली
_c1992
300 _a159
600 _aसंजीव खांडेकर
630 _aअशांत पव
700 _aसंजीव खांडेकर
730 _aअशांत पव
942 _cBOOK
999 _c1029648
_d1029645